[Event "CZE-ch Betsys Online Blitz"]
[Site "Chess.com INT"]
[Date "2021.04.17"]
[Round "8"]
[White "Nedoma, Marek"]
[Black "Dubansky, Bohuslav"]
[Result "0-1"]
[WhiteElo "1983"]
[BlackElo "2223"]
[PlyCount "92"]
[EventDate "2021.04.17"]
[EventType "swiss (blitz)"]
[EventRounds "13"]
[EventCountry "CZE"]
[SourceTitle "CBM 201 Extra"]
[Source "ChessBase"]
[SourceDate "2021.05.31"]
[SourceVersion "1"]
[SourceVersionDate "2021.05.31"]
[SourceQuality "1"]

1. e4 e6 2. Nc3 d5 3. d4 dxe4 4. Nxe4 Nd7 5. Nf3 Ngf6 6. Bd3 Be7 7. 0-0 b6 8. c4 Bb7 9. Qe2 0-0 10. b3 Re8 11. Bb2 Nf8 12. Rfe1 Ng6 13. Nxf6+ Bxf6 14. Bxg6 hxg6 15. Rad1 Qe7 16. Qc2 Bxf3 17. gxf3 Qd6 18. Qe4 Rad8 19. Ba1 Qa3 20. d5 exd5 21. Qxe8+ Rxe8 22. Rxe8+ Kh7 23. Bxf6 gxf6 24. Rxd5 Qxa2 25. Re7 Kg7 26. Rdd7 Kh6 27. Rxf7 Kg5 28. Rxc7 Qxb3 29. Kg2 a5 30. Rc6 Qb2 31. h4+ Kf5 32. Rd7 g5 33. Rd5+ Kg6 34. hxg5 a4 35. Rxf6+ Kg7 36. Rdd6 Qe5 37. Rd7+ Kg8 38. Rg6+ Kf8 39. Rdg7 Qxg7 40. Rxg7 Kxg7 41. f4 a3 42. f5 a2 43. f6+ Kg6 44. f4 a1Q 45. Kg3 Qc3+ 46. Kg4 Qxc4 0-1

[Event "CZE-ch Betsys Online Blitz"]
[Site "Chess.com INT"]
[Date "2021.04.17"]
[Round "2"]
[White "Nedoma, Marek"]
[Black "Sulcova, Tereza Radmila"]
[Result "0-1"]
[WhiteElo "1983"]
[BlackElo "1615"]
[PlyCount "66"]
[EventDate "2021.04.17"]
[EventType "swiss (blitz)"]
[EventRounds "13"]
[EventCountry "CZE"]
[SourceTitle "CBM 201 Extra"]
[Source "ChessBase"]
[SourceDate "2021.05.31"]
[SourceVersion "1"]
[SourceVersionDate "2021.05.31"]
[SourceQuality "1"]

1. d4 Nf6 2. Nf3 g6 3. Bg5 Bg7 4. e3 d5 5. Bd3 0-0 6. 0-0 c5 7. c3 c4 8. Bc2 Nc6 9. h3 b5 10. a3 a5 11. Nbd2 Bd7 12. Bxf6 Bxf6 13. e4 e6 14. Re1 Qc7 15. e5 Bg7 16. Qe2 Qb6 17. h4 h5 18. Ng5 b4 19. axb4 axb4 20. g4 hxg4 21. Qxg4 bxc3 22. bxc3 Qb2 23. Rxa8 Rxa8 24. Nxf7 Qxc2 25. Nf3 Kxf7 26. Ng5+ Ke7 27. h5 Qf5 28. Qh4 Ke8 29. h6 Bh8 30. Re3 Ra2 31. Rf3 Qb1+ 32. Kg2 Qc2 33. Nh7 Qe4 0-1

[Event "CZE-ch Betsys Online Blitz"]
[Site "Chess.com INT"]
[Date "2021.04.17"]
[Round "6"]
[White "Plicka, Petr"]
[Black "Nedoma, Marek"]
[Result "0-1"]
[WhiteElo "1805"]
[BlackElo "1983"]
[PlyCount "44"]
[EventDate "2021.04.17"]
[EventType "swiss (blitz)"]
[EventRounds "13"]
[EventCountry "CZE"]
[SourceTitle "CBM 201 Extra"]
[Source "ChessBase"]
[SourceDate "2021.05.31"]
[SourceVersion "1"]
[SourceVersionDate "2021.05.31"]
[SourceQuality "1"]

1. d4 d5 2. Nf3 Nf6 3. g3 Bf5 4. Bg2 c6 5. 0-0 g6 6. b3 Bg7 7. e3 0-0 8. c4 Ne4 9. Bb2 Qa5 10. Nbd2 Nc3 11. Bxc3 Qxc3 12. Rc1 Qb2 13. cxd5 cxd5 14. a4 Nc6 15. Ne5 Nxe5 16. dxe5 Bxe5 17. Bxd5 Bh3 18. Nc4 Qa2 19. Nxe5 Bxf1 20. Qxf1 e6 21. Bc4 Qb2 22. Nd3 Qg7 0-1

[Event "Prague Golden rap op 15th"]
[Site "Prague"]
[Date "2019.06.30"]
[Round "2"]
[White "Kiss, Pal"]
[Black "Nedoma, Marek"]
[Result "1-0"]
[WhiteElo "2278"]
[BlackElo "1989"]
[PlyCount "101"]
[EventDate "2019.06.30"]
[EventType "swiss (rapid)"]
[EventRounds "7"]
[EventCountry "CZE"]
[SourceTitle "CBM 191 Extra"]
[Source "ChessBase"]
[SourceDate "2019.09.30"]
[SourceVersion "1"]
[SourceVersionDate "2019.09.30"]
[SourceQuality "1"]

1. d4 Nf6 2. c4 e6 3. Nf3 d5 4. g3 Be7 5. Bg2 0-0 6. 0-0 c5 7. cxd5 exd5 8. Nc3 Nc6 9. Bg5 c4 10. Ne5 Be6 11. Nxc6 bxc6 12. b3 cxb3 13. axb3 h6 14. Bxf6 Bxf6 15. Na4 Qb8 16. e3 Be7 17. Qc2 Rc8 18. Rfc1 Qb4 19. Qd3 Rab8 20. Rc3 g6 21. Rac1 Qa3 22. Qd1 a5 23. h4 h5 24. Bf3 Bd7 25. Kg2 Be6 26. Ra1 Qb4 27. Qc1 Qb5 28. Bd1 Bb4 29. Rc2 Bf5 30. Be2 Qb7 31. Nc5 Qe7 32. Rb2 Kg7 33. Na6 Rb6 34. Nxb4 axb4 35. Qd2 Be4+ 36. Kg1 c5 37. dxc5 Qxc5 38. Rd1 Qc3 39. Qd4+ Kg8 40. f3 Bc2 41. Rd2 Bf5 42. Kf2 Qxd4 43. Rxd4 Be6 44. Bd3 Rc3 45. Ke2 Kg7 46. Kd2 Rc7 47. Ra2 f6 48. Ra4 Rcb7 49. Bc2 g5 50. Ra8 gxh4 51. Rxh4 1-0